00461nam a2200181 a 4500001001300000003000900013005001700022008004100039020002300080082001300103100002100116245002700137260003700164300000900201500003500210650001300245700002100258nice12345678IN_TiNIC20260116015317.0070914s1991 u sa grp 000 0 eng  a0964087618 c10000a230bLOE aLoewen, Elfrieda aBeliever`s Way of Life aU s a bHeritage Classics c1991 a365p aincludes index and biblioraphy aTheology1 aLoewen, Elfrieda